[Event "34. Kieler Open 2022"]
[Site "Kiel"]
[Date "2022.07.31"]
[Round "4.63"]
[White "Storm, Max"]
[Black "Frahm, Ben Jonas"]
[Result "1-0"]
[WhiteElo "1550"]
[BlackElo "1156"]
[PlyCount "79"]
[EventDate "2022.??.??"]

1. e4 e5 2. Nf3 Nc6 3. Bb5 Bc5 4. O-O Nf6 5. Bxc6 dxc6 6. Nxe5 O-O 7. d3 Re8 8.
Nf3 Bg4 9. h3 Bh5 10. Bg5 Qd6 11. Be3 h6 12. g4 Bxe3 13. e5 Qb4 14. fxe3 Nxg4
15. hxg4 Bxg4 16. Qd2 Qxb2 17. Nc3 h5 18. Rab1 Qa3 19. Rxb7 Bxf3 20. Rxf3 Rxe5
21. Rxc7 Qd6 22. Rcxf7 Qg6+ 23. Kh2 h4 24. Ne4 h3 25. Rxg7+ Qxg7 26. Rg3 Qxg3+
27. Nxg3 Rae8 28. e4 Kf7 29. Qf2+ Ke7 30. Qxa7+ Kd6 31. Nf5+ Rxf5 32. exf5 Rf8
33. Qa3+ Ke5 34. Qxf8 c5 35. Qxc5+ Kf6 36. Kxh3 Kf7 37. Qd6 Ke8 38. Qc7 Kf8 39.
f6 Kg8 40. Qg7# 1-0

[Event "34. Kieler Open 2022"]
[Site "Kiel"]
[Date "2022.07.31"]
[Round "4.64"]
[White "Klaeke, Gregor"]
[Black "Sorge, Elias"]
[Result "1-0"]
[WhiteElo "1534"]
[BlackElo "906"]
[PlyCount "79"]
[EventDate "2022.??.??"]

1. e4 e6 2. f4 d5 3. e5 f6 4. Nf3 Nc6 5. d4 Bb4+ 6. c3 Ba5 7. a4 a6 8. Bd3 fxe5
9. fxe5 Nge7 10. Qc2 g6 11. Bg5 O-O 12. O-O Bd7 13. Nbd2 Qe8 14. Bf6 Nf5 15.
Bxf5 gxf5 16. Nb3 Rxf6 17. exf6 Qf7 18. Nxa5 Nxa5 19. Ne5 Qxf6 20. Nxd7 Qe7 21.
Ne5 Nc6 22. Rae1 Nxe5 23. Rxe5 Qf6 24. Rfe1 Re8 25. R1e3 Kf7 26. Rh3 Qg6 27.
Rg3 Qf6 28. Qe2 c6 29. Qh5+ Ke7 30. Qxh7+ Kd8 31. Qxb7 Qh6 32. h3 Qc1+ 33. Kf2
Qf4+ 34. Rf3 Qh4+ 35. Kg1 Re7 36. Qxc6 Rg7 37. Qa8+ Ke7 38. Qxa6 Qg5 39. Qxe6+
Kf8 40. Qe8# 1-0

[Event "34. Kieler Open 2022"]
[Site "Kiel"]
[Date "2022.07.31"]
[Round "4.68"]
[White "Rudolph, Simon"]
[Black "Braun, Julian"]
[Result "0-1"]
[WhiteElo "1229"]
[BlackElo "1656"]
[PlyCount "52"]
[EventDate "2022.??.??"]

1. e4 e5 2. Nf3 Nc6 3. Bb5 a6 4. Ba4 Nf6 5. d3 b5 6. Bb3 Be7 7. c3 O-O 8. O-O
d6 9. Re1 Bb7 10. Nbd2 Nb8 11. Nf1 Nbd7 12. Ng3 c5 13. Be3 Rc8 14. Bc2 Re8 15.
d4 cxd4 16. cxd4 Bf8 17. Bb3 h6 18. d5 Nc5 19. Bc2 {(=)} a5 20. b3 b4 21. Rc1
Ng4 22. Bd2 Qb6 23. h3 Nxf2 24. Kxf2 Nxe4+ 25. Ke2 Nxg3+ 26. Kd3 Ba6# 0-1

[Event "34. Kieler Open 2022"]
[Site "Kiel"]
[Date "2022.07.31"]
[Round "4.69"]
[White "Haertel, Leon"]
[Black "Peglau, Paul David"]
[Result "1/2-1/2"]
[WhiteElo "1080"]
[BlackElo "1569"]
[PlyCount "52"]
[EventDate "2022.??.??"]

1. d4 d5 2. c4 dxc4 3. e3 Nf6 4. Bxc4 e6 5. Nc3 a6 6. Nf3 b5 7. Bb3 c5 8. O-O
Bb7 9. Qe2 Nc6 10. Rd1 Qc7 11. d5 exd5 12. Nxd5 Nxd5 13. Bxd5 Bd6 14. b3 O-O
15. Bb2 Rad8 16. e4 Rfe8 17. Qe3 Nd4 18. Bxd4 cxd4 19. Qxd4 Bxd5 20. exd5 Rd7
21. Rac1 Qb7 22. Rc2 Red8 23. Rcd2 Bb8 24. Qe4 Re7 25. Qf5 Bd6 26. Qg5 Qc7
1/2-1/2

[Event "34. Kieler Open 2022"]
[Site "Kiel"]
[Date "2022.07.31"]
[Round "4.70"]
[White "Hemmerling, Dominik"]
[Black "Burbach, Bruno"]
[Result "0-1"]
[WhiteElo "993"]
[BlackElo "1417"]
[PlyCount "94"]
[EventDate "2022.??.??"]

1. e4 b6 2. Nf3 Bb7 3. Nc3 e6 4. d4 Bb4 5. Bd3 Nf6 6. e5 Nd5 7. Bd2 Nxc3 8.
Bxc3 Bxc3+ 9. bxc3 h6 10. O-O d6 11. exd6 Qxd6 12. Ne5 Nd7 13. Nxd7 Qxd7 14.
Re1 O-O-O 15. Be4 Bxe4 16. Rxe4 Qc6 17. Re3 Rd7 18. Qe2 Kb7 19. Rb1 Rd5 20. Qf3
Rf5 21. Qxc6+ Kxc6 22. f3 Rd8 23. Kf2 Ra5 24. Rb2 Rdd5 25. Re1 Ra3 26. Re3 Rda5
27. Re2 Rxa2 28. Rxa2 Rxa2 29. Ke3 Ra3 30. Kd2 a5 31. Re3 b5 32. Kc1 b4 33. Kb2
Rxc3 34. Rxc3+ bxc3+ 35. Kxc3 Kd5 36. Kd3 c5 37. dxc5 Kxc5 38. Kc3 e5 39. g4 g6
40. h4 Kd5 41. Kb3 Kd4 42. Kb2 Kc4 43. c3 a4 44. Kc2 a3 45. Kb1 Kxc3 46. Ka2
Kd3 47. Kxa3 Ke3 0-1

[Event "34. Kieler Open 2022"]
[Site "Kiel"]
[Date "2022.07.31"]
[Round "4.71"]
[White "Graf, Yvonne"]
[Black "Schwitkowski, Luka"]
[Result "0-1"]
[WhiteElo "1390"]
[BlackElo "1297"]
[PlyCount "72"]
[EventDate "2022.??.??"]

1. e4 c5 2. Nc3 a6 3. f4 b5 4. a3 Bb7 5. d3 e6 6. Nf3 d5 7. Be2 b4 8. axb4 cxb4
9. Na4 dxe4 10. dxe4 Qxd1+ 11. Bxd1 Bxe4 12. O-O Nd7 13. Be3 Ngf6 14. Nb6 Nxb6
15. Bxb6 Nd5 16. Ba5 Bc5+ 17. Kh1 O-O 18. Ng5 Bg6 19. c3 bxc3 20. Bxc3 h6 21.
Nh3 Ne3 22. Rf3 Be4 23. Rg3 Nf5 24. Rg4 Rfd8 25. Be2 Kf8 26. Ng1 g6 27. Nf3 h5
28. Rg5 Be7 29. Rxa6 Rxa6 30. Bxa6 Bxg5 31. fxg5 Rd1+ 32. Ng1 Ne3 33. h3 Bxg2+
34. Kh2 Bd5 35. Be2 Nf1+ 36. Bxf1 Rxf1 0-1

[Event "34. Kieler Open 2022"]
[Site "Kiel"]
[Date "2022.07.31"]
[Round "4.72"]
[White "Schroeder, Jakob"]
[Black "Yueksel, Anja"]
[Result "0-1"]
[WhiteElo "906"]
[BlackElo "1388"]
[PlyCount "116"]
[EventDate "2022.??.??"]

1. e4 d5 2. exd5 Qxd5 3. Nc3 Qa5 4. Nf3 Bf5 5. d3 c6 6. Be2 Nf6 7. O-O Nbd7 8.
Bf4 e5 9. Bg3 O-O-O 10. Ng5 Bg6 11. Nge4 h5 12. Bh4 Be7 13. Re1 Qb4 14. Nxf6
gxf6 15. Ne4 Bxe4 16. dxe4 Qxe4 17. Bg3 h4 18. f3 Bc5+ 19. Bf2 Bxf2+ 20. Kxf2
Qf4 21. Kg1 Rhg8 22. Qc1 Qf5 23. Bd3 Qxf3 24. Be4 Qg4 25. Qe3 Nb6 26. Rf1 Qg7
27. Qh3+ Nd7 28. Qxh4 Rh8 29. Qf2 Kb8 30. a4 Nb6 31. a5 Nd5 32. a6 Nf4 33. Kh1
Qh6 34. h3 Qg5 35. axb7 Rd4 36. Qf3 Nd5 37. Bxd5 Rxd5 38. Qxf6 Rg8 39. Qxg5
Rxg5 40. Rad1 f5 41. Rxd5 cxd5 42. Rd1 d4 43. c3 dxc3 44. bxc3 Kxb7 45. Rd5 e4
46. g4 Kc6 47. Rxf5 Rxf5 48. gxf5 {(=)} a5 49. h4 a4 50. h5 a3 51. h6 a2 52. h7
a1=Q+ 53. Kg2 Qxc3 54. Kf2 Qh8 55. Ke3 Kd5 56. f6 Qxf6 57. h8=Q Qxh8 58. Ke2
Qc3 0-1

[Event "34. Kieler Open 2022"]
[Site "Kiel"]
[Date "2022.07.31"]
[Round "4.74"]
[White "Emlinger, Maximilian"]
[Black "Krause, Volker"]
[Result "1-0"]
[WhiteElo "1358"]
[BlackElo "1230"]
[PlyCount "99"]
[EventDate "2022.??.??"]

1. e4 c6 2. d4 d5 3. exd5 cxd5 4. Nf3 Nf6 5. c4 Nc6 6. Nc3 e6 7. Be2 Be7 8. O-O
O-O 9. Bg5 h6 10. Bh4 Ne4 11. Bxe7 Qxe7 12. cxd5 Nxc3 13. bxc3 exd5 14. Re1 Qa3
15. Qb3 Qxb3 16. axb3 Bg4 17. h3 Bh5 18. c4 Bxf3 19. Bxf3 Nxd4 20. Rab1 Nxf3+
21. gxf3 dxc4 22. bxc4 b6 23. Re7 Rfe8 24. Rb7 Re2 25. Ra1 Rc2 26. Rc7 Rc3 27.
Kg2 b5 28. c5 a5 29. Rd1 a4 30. Rdd7 Rf8 31. c6 a3 32. Rb7 Rxc6 33. Rxb5 Ra6
34. Rb1 a2 35. Ra1 Rb8 36. Rd2 Rba8 37. Kg3 g5 38. Re2 f5 39. Kg2 f4 40. Kh2
Kg7 41. Kg2 Kg6 42. Kh2 Kh5 43. Kg2 Kh4 44. Kh2 h5 45. Kg2 g4 46. fxg4 hxg4 47.
hxg4 Kxg4 48. f3+ Kh4 49. Re5 Rb6 50. Rh1# 1-0

[Event "34. Kieler Open 2022"]
[Site "Kiel"]
[Date "2022.07.31"]
[Round "4.75"]
[White "Hock, Reiner"]
[Black "Christiansen, Jana-Marie"]
[Result "0-1"]
[WhiteElo "1311"]
[BlackElo "1128"]
[PlyCount "68"]
[EventDate "2022.??.??"]

1. d4 Nf6 2. Nf3 e6 3. e3 b6 4. c4 Bb7 5. Nc3 Ne4 6. Nxe4 Bxe4 7. Bd3 d5 8. Qc2
Bxd3 9. Qxd3 Nd7 10. Ne5 c5 11. O-O Bd6 12. b3 Nxe5 13. dxe5 Bxe5 14. Rb1 Qc7
15. f4 Bd6 16. cxd5 exd5 17. Qxd5 O-O 18. Bb2 Rad8 19. Qg5 f6 20. Qd5+ Kh8 21.
Qf3 c4 22. Rbc1 b5 23. a3 Rc8 24. b4 a5 25. bxa5 Qxa5 26. Bc3 Qxa3 27. Bd4 Qa8
28. Qe2 Bc5 29. Ra1 Qb7 30. Bxc5 Rxc5 31. Rab1 Rfc8 32. Rb4 Kg8 33. Rc1 Kf7 34.
Qh5+ Rxh5 0-1

[Event "34. Kieler Open 2022"]
[Site "Kiel"]
[Date "2022.07.31"]
[Round "4.76"]
[White "Wahle, Diane"]
[Black "Tabakh, Tassnim"]
[Result "1-0"]
[WhiteElo "816"]
[BlackElo "1241"]
[PlyCount "37"]
[EventDate "2022.??.??"]

1. e4 c6 2. Nf3 d5 3. e5 f6 4. exf6 exf6 5. Nc3 Be6 6. d4 Bd6 7. Bd3 g6 8. O-O
Bc7 9. Bh6 Nxh6 10. Re1 Qd6 11. Qd2 Ng4 12. h3 Nh2 13. Nxh2 Qxh2+ 14. Kf1 O-O
15. Rxe6 Qh1+ 16. Ke2 Qxa1 17. Qh6 Kf7 18. Re3 Nd7 19. Qxh7# 1-0

[Event "34. Kieler Open 2022"]
[Site "Kiel"]
[Date "2022.07.31"]
[Round "4.77"]
[White "Malinowsky, Yvonne"]
[Black "Mueller, Ariana"]
[Result "1/2-1/2"]
[WhiteElo "1232"]
[BlackElo "975"]
[PlyCount "35"]
[EventDate "2022.??.??"]

1. e4 e5 2. Nf3 Nc6 3. Bc4 Bc5 4. O-O d6 5. h3 Nf6 6. d3 Be6 7. Bg5 h6 8. Bh4
g5 9. Bg3 Qd7 10. Re1 O-O-O 11. Nc3 g4 12. Bxe6 Qxe6 13. hxg4 Qxg4 14. Bh4 Rhg8
15. g3 Nh5 16. d4 Nxd4 17. Nxd4 Bxd4 18. Qxg4+ 1/2-1/2

[Event "34. Kieler Open 2022"]
[Site "Kiel"]
[Date "2022.08.01"]
[Round "5.1"]
[White "Legky, Nikolay A"]
[Black "Doll, Alexander"]
[Result "1/2-1/2"]
[WhiteElo "2374"]
[BlackElo "2180"]
[PlyCount "43"]
[EventDate "2022.??.??"]

1. d4 d5 2. c4 e6 3. Nf3 Nf6 4. e3 c6 5. Nbd2 Nbd7 6. b3 Be7 7. Bd3 b6 8. O-O
O-O 9. Bb2 Bb7 10. Qe2 Re8 11. Rad1 c5 12. Ne5 cxd4 13. exd4 Bf8 14. Ndf3 Ne4
15. Rc1 a6 16. Rfd1 g6 17. Rc2 Bg7 18. Nxd7 Qxd7 19. Ne5 Qe7 20. Rdc1 Bh6 21.
Rd1 Bg7 22. Rdc1 1/2-1/2

[Event "34. Kieler Open 2022"]
[Site "Kiel"]
[Date "2022.08.01"]
[Round "5.2"]
[White "Arndt, Magnus"]
[Black "Doll, Stefan"]
[Result "1-0"]
[WhiteElo "2359"]
[BlackElo "2134"]
[PlyCount "79"]
[EventDate "2022.??.??"]

1. Nf3 Nf6 2. d4 e6 3. e3 d5 4. Bd3 c5 5. b3 Nc6 6. Bb2 Bd6 7. O-O O-O 8. Nbd2
b6 9. Ne5 Bb7 10. a3 Rc8 11. f4 Ne7 12. Qf3 Nf5 13. g4 Nh4 14. Qh3 Ne4 15. Rad1
Qe7 16. dxc5 Bxc5 17. Bxe4 dxe4 18. Ndc4 Nf3+ 19. Rxf3 exf3 20. Rd7 b5 21. Rxe7
Bxe7 22. Na5 f2+ 23. Kf1 Rxc2 24. Nxb7 Rxb2 25. Nc6 Bxa3 26. Qh5 f5 27. gxf5
exf5 28. Qd1 a6 29. Qd5+ Kh8 30. Ne5 g5 31. Nf7+ Kg7 32. Nxg5 Kg6 33. Qd7 h6
34. Qh7+ Kh5 35. Nf7 Rxf7 36. Qxf7+ Kg4 37. Qg6+ Kf3 38. Qxf5 Kxe3 39. Nc5 Ra2
40. Qe4+ 1-0

[Event "34. Kieler Open 2022"]
[Site "Kiel"]
[Date "2022.08.01"]
[Round "5.3"]
[White "Ruhland, Cliff"]
[Black "Farokhi, Keyvan"]
[Result "1-0"]
[WhiteElo "1997"]
[BlackElo "2332"]
[PlyCount "73"]
[EventDate "2022.??.??"]

1. e4 c5 2. Nf3 Nf6 3. e5 Nd5 4. Nc3 e6 5. Nxd5 exd5 6. d4 Nc6 7. dxc5 Bxc5 8.
Qxd5 d6 9. Bf4 Qb6 10. O-O-O Be6 11. Qd3 Qb4 12. Bg3 dxe5 13. Nxe5 O-O 14. Nxc6
bxc6 15. a3 Qb6 16. Be2 {(=)} a5 17. Qc3 Be7 18. Bf3 Rab8 19. Be5 Qb5 20. h4
Rb6 21. Bxg7 Rfb8 22. Bd4 c5 23. Be5 Bf8 24. g4 Qa4 25. Qe3 h6 26. g5 Bf5 27.
Rd2 c4 28. Bxb8 Rxb8 29. gxh6 Qb5 30. c3 Kh7 31. Be4 Bxh6 32. f4 Kh8 33. Rg1
Bg7 34. Rg5 Re8 35. Rxf5 Qxf5 36. Bxf5 Rxe3 37. Rd8+ 1-0

[Event "34. Kieler Open 2022"]
[Site "Kiel"]
[Date "2022.08.01"]
[Round "5.4"]
[White "Basey, Matthew"]
[Black "Rudolph, Johannes"]
[Result "1/2-1/2"]
[WhiteElo "1991"]
[BlackElo "2363"]
[PlyCount "79"]
[EventDate "2022.??.??"]

1. e4 e5 2. Nf3 Nc6 3. Bc4 Bc5 4. c3 Nf6 5. d3 O-O 6. O-O Bb6 7. Bb3 d6 8. h3
h6 9. Re1 Be6 10. Bc2 Ne7 11. Nbd2 Ng6 12. d4 c6 13. Nf1 Re8 14. Ng3 Qc7 15.
Be3 Rad8 16. Qc1 Kh7 17. Nf5 Bxf5 18. exf5 Nf8 19. dxe5 dxe5 20. Bxb6 axb6 21.
Qe3 N8d7 22. Rad1 Re7 23. Nd4 Kg8 24. Qg3 Rde8 25. Nf3 b5 26. Re2 Nh5 27. Qh4
Nf4 28. Re3 Nd5 29. Re2 Nf4 30. Re3 Nd5 31. Re2 N7f6 32. Rde1 e4 33. Nd4 Qf4
34. Qxf4 Nxf4 35. Re3 Kf8 36. Kh2 N4d5 37. R3e2 Nf4 38. Re3 N4d5 39. R3e2 Nf4
40. Re3 1/2-1/2

[Event "34. Kieler Open 2022"]
[Site "Kiel"]
[Date "2022.08.01"]
[Round "5.5"]
[White "Sickmann, Lisa"]
[Black "Popvasilev, Kaloyan"]
[Result "0-1"]
[WhiteElo "1672"]
[BlackElo "2208"]
[PlyCount "130"]
[EventDate "2022.??.??"]

1. e4 c5 2. Nf3 d6 3. c3 Nf6 4. Bd3 Nc6 5. Bc2 g6 6. d3 Bg7 7. Nbd2 O-O 8. O-O
Qc7 9. Re1 b6 10. Nf1 Bb7 11. Ne3 e6 12. a3 d5 13. exd5 exd5 14. d4 Rad8 15.
Nf1 Ne4 16. Ng3 f5 17. Ng5 Qd6 18. N3xe4 fxe4 19. Be3 cxd4 20. cxd4 Bc8 21. Bb3
Kh8 22. Qd2 h6 23. Nh3 Bxh3 24. gxh3 Rf3 25. Kg2 Qe6 26. Rg1 Na5 27. Ba2 Qxh3+
28. Kh1 Kh7 29. Rg2 Qf5 30. Rag1 Rd6 31. Qb4 Nb7 32. Bb3 Qc8 33. Qb5 Rf5 34.
Qa6 Qb8 35. Rg4 Na5 36. Ba4 Rdf6 37. Bd7 Rh5 38. R1g2 Nc4 39. Kg1 Qc7 40. Qc8
Qxc8 41. Bxc8 Nxb2 42. Bd7 Nc4 43. Be8 Nxe3 44. fxe3 Rg5 45. Rxg5 hxg5 46. Rxg5
Bh6 47. Rg3 Kg7 48. a4 Kf8 49. Bxg6 Bxe3+ 50. Rxe3 Rxg6+ 51. Kf2 Ke7 52. Rb3
Kd6 53. h4 Rh6 54. Kg3 Ke6 55. Rc3 Kf5 56. Rc7 Rg6+ 57. Kf2 a5 58. Rd7 Kf4 59.
Rxd5 e3+ 60. Ke2 Rg2+ 61. Kf1 e2+ 62. Ke1 Ke3 63. Re5+ Kd3 64. d5 Rg1+ 65. Kf2
Rf1+ 0-1

[Event "34. Kieler Open 2022"]
[Site "Kiel"]
[Date "2022.08.01"]
[Round "5.6"]
[White "Browning, Alex"]
[Black "Peglau, Dora"]
[Result "1-0"]
[WhiteElo "2294"]
[BlackElo "1920"]
[PlyCount "109"]
[EventDate "2022.??.??"]

1. e4 c6 2. Nc3 d5 3. Nf3 dxe4 4. Nxe4 Nf6 5. Qe2 Nxe4 6. Qxe4 Qd5 7. Qh4 Qe6+
8. Be2 Qg4 9. Qg3 Qxg3 10. hxg3 g6 11. d4 Bg7 12. Bh6 Bxh6 13. Rxh6 Kf8 14.
O-O-O Kg7 15. Rdh1 f6 16. Bd3 Bf5 17. Bxf5 gxf5 18. R6h4 Nd7 19. d5 cxd5 20.
Nd4 Nf8 21. Nxf5+ Kf7 22. Rd4 Rd8 23. Ne3 e6 24. c4 Rc8 25. Kb1 dxc4 26. Nxc4
Rc7 27. Nd6+ Ke7 28. Nb5 Rd7 29. Rxd7+ Nxd7 30. Nxa7 Ne5 31. Rc1 Rd8 32. f4 Ng6
33. Rh1 Rh8 34. Kc2 h5 35. Nb5 h4 36. f5 exf5 37. Nd4 hxg3 38. Nxf5+ Ke6 39.
Rxh8 Nxh8 40. Nxg3 Ng6 41. Ne4 b6 42. g3 Ke5 43. Kd3 Ne7 44. a4 Nc6 45. Nf2 f5
46. Kc4 Na7 47. b4 Kd6 48. Nd3 Ke6 49. b5 Nc8 50. Kd4 Kd6 51. Ne5 Ke6 52. Nc4
Kf6 53. Kd5 Kg5 54. Ke6 Kg4 55. Ne3+ 1-0

[Event "34. Kieler Open 2022"]
[Site "Kiel"]
[Date "2022.08.01"]
[Round "5.7"]
[White "Hufendiek, Ekkehard"]
[Black "Doeserich, Juergen"]
[Result "0-1"]
[WhiteElo "1929"]
[BlackElo "1945"]
[PlyCount "106"]
[EventDate "2022.??.??"]

1. e4 c5 2. d4 cxd4 3. c3 Nf6 4. e5 Nd5 5. Nf3 e6 6. Bc4 Nb6 7. Bd3 d6 8. Bf4
Nc6 9. O-O Nd5 10. Bg3 dxc3 11. bxc3 dxe5 12. Bxe5 Nxe5 13. Nxe5 Bd6 14. Bb5+
Kf8 15. Nf3 Qc7 16. Ba4 Nb6 17. Bb3 Bd7 18. Qe2 Bc6 19. Nbd2 Re8 20. Ne4 Bxe4
21. Qxe4 Nd7 22. Qh4 Be7 23. Qh3 Bf6 24. Rac1 Nc5 25. Bc2 g6 26. Qh6+ Bg7 27.
Qe3 h5 28. Qe2 Bf6 29. Nd4 a6 30. Rb1 Kg7 31. Qf3 e5 32. Nb3 e4 33. Qe3 Na4 34.
Nd4 Nxc3 35. Rb3 Nd5 36. Qd2 Qe5 37. Ne2 b5 38. Ng3 Bg5 39. Qa5 e3 40. fxe3
Bxe3+ 41. Kh1 h4 42. Ne4 f5 43. Nd2 h3 44. g3 Nf6 45. Nf3 Qe6 46. Rbb1 Qc6 47.
Bb3 Re7 48. Rbd1 Rhe8 49. Rd8 Bb6 50. Rxe8 Rxe8 51. Qd2 Ng4 52. Bd5 Qf6 53. Ng5
Nf2+ 0-1

[Event "34. Kieler Open 2022"]
[Site "Kiel"]
[Date "2022.08.01"]
[Round "5.8"]
[White "Ziaeian, Shahin"]
[Black "Boehme, Sebastian"]
[Result "0-1"]
[WhiteElo "1877"]
[BlackElo "2168"]
[PlyCount "56"]
[EventDate "2022.??.??"]

1. d4 e6 2. Nc3 Nf6 3. e4 d5 4. e5 Nfd7 5. f4 c5 6. Nf3 Nc6 7. Be3 Qb6 8. Qd2
Qxb2 9. Rb1 Qa3 10. Rb3 Qa5 11. Be2 c4 12. Rb5 Qa3 13. Nb1 Qxa2 14. c3 Qxd2+
15. Nbxd2 a6 16. Rb2 b5 17. Nb1 Rb8 18. Kf2 a5 19. Bd1 Ba6 20. Ne1 Be7 21. g4
O-O 22. f5 b4 23. Nc2 b3 24. Nca3 Nb6 25. Re2 Na4 26. Bc1 Nb4 27. cxb4 axb4 28.
Nxc4 dxc4 0-1

[Event "34. Kieler Open 2022"]
[Site "Kiel"]
[Date "2022.08.01"]
[Round "5.9"]
[White "Peglau, Charis"]
[Black "Rieper, Julian"]
[Result "1/2-1/2"]
[WhiteElo "1870"]
[BlackElo "2132"]
[PlyCount "50"]
[EventDate "2022.??.??"]

1. d4 d5 2. c4 c6 3. Nc3 Nf6 4. Nf3 e6 5. Bf4 Nbd7 6. e3 Be7 7. Rc1 O-O 8. a3
dxc4 9. Bxc4 b5 10. Bd3 a6 11. Ne4 Qa5+ 12. Qd2 Qxd2+ 13. Nfxd2 Nd5 14. Bd6 f5
15. Bxe7 Nxe7 16. Nc5 Nxc5 17. Rxc5 Rd8 18. O-O Rd6 19. Rfc1 Bd7 20. Nf3 Be8
21. Ne5 g5 22. g3 g4 23. Bf1 h5 24. Bg2 Rc8 25. b4 Kg7 1/2-1/2

[Event "34. Kieler Open 2022"]
[Site "Kiel"]
[Date "2022.08.01"]
[Round "5.10"]
[White "Dietrich, Leif"]
[Black "Saglam, Buelent"]
[Result "1-0"]
[WhiteElo "1857"]
[BlackElo "2120"]
[PlyCount "67"]
[EventDate "2022.??.??"]

1. e4 c5 2. Nf3 Nc6 3. Bb5 e5 4. Bxc6 dxc6 5. h3 f6 6. d3 Be6 7. Be3 Qd7 8. a4
g5 9. Nbd2 h5 10. Nc4 Rh7 11. Qd2 g4 12. hxg4 hxg4 13. Nh4 O-O-O 14. O-O-O Bxc4
15. dxc4 Qxd2+ 16. Bxd2 Bh6 17. Bxh6 Rxd1+ 18. Rxd1 Nxh6 19. Rd3 Nf7 20. Nf5
Ng5 21. Nd6+ Kb8 22. Kd2 Rh1 23. Ke2 a5 24. Rb3 Kc7 25. Ne8+ Kd7 26. Nxf6+ Ke6
27. Nxg4 Rh4 28. Ne3 Nxe4 29. Rxb7 Rf4 30. f3 Nd6 31. Ra7 e4 32. Rxa5 exf3+ 33.
gxf3 Rxc4 34. Nxc4 1-0

[Event "34. Kieler Open 2022"]
[Site "Kiel"]
[Date "2022.08.01"]
[Round "5.11"]
[White "Ghadimi, Mohammed Reza"]
[Black "Nahnsen, Kenneth"]
[Result "0-1"]
[WhiteElo "2147"]
[BlackElo "1972"]
[PlyCount "86"]
[EventDate "2022.??.??"]

1. e4 e5 2. Nf3 Nc6 3. Bb5 a6 4. Bxc6 dxc6 5. Nc3 Qf6 6. d3 h6 7. Qe2 Bg4 8.
Bd2 Ne7 9. h3 Bxf3 10. Qxf3 Qxf3 11. gxf3 Ng6 12. Ne2 Bd6 13. O-O-O O-O-O 14.
Rdg1 Rh7 15. h4 h5 16. Kd1 c5 17. b3 b5 {(=)} 18. Bg5 Rd7 19. c3 Nf8 20. Kc2
Ne6 21. Be3 Rh8 22. Rd1 Rhd8 23. Rhg1 g6 24. Bg5 Be7 25. Bxe7 Rxe7 26. a4 c6
27. Rc1 Red7 28. Rgd1 c4 29. dxc4 Rxd1 30. Rxd1 Rxd1 31. Kxd1 bxa4 32. bxa4 Nc5
33. Kc2 Nxa4 34. f4 exf4 35. Nxf4 Nc5 36. f3 {(=)} Ne6 37. Nxe6 fxe6 38. e5 g5
39. hxg5 Kd7 40. g6 Ke7 41. f4 h4 42. f5 exf5 43. e6 Kxe6 0-1

[Event "34. Kieler Open 2022"]
[Site "Kiel"]
[Date "2022.08.01"]
[Round "5.12"]
[White "Basener, Winfried"]
[Black "Ehrig, Leon Chris"]
[Result "0-1"]
[WhiteElo "2078"]
[BlackElo "1832"]
[PlyCount "80"]
[EventDate "2022.??.??"]

1. e4 c5 2. Nf3 e6 3. d4 cxd4 4. Nxd4 Nf6 5. Nc3 Nc6 6. Bg5 Bb4 7. Nxc6 bxc6 8.
Qf3 h6 9. Bd2 d5 10. e5 Nd7 11. Qg4 Bf8 12. f4 Qb6 13. O-O-O Nc5 14. Qf3 a5 15.
Be3 a4 16. a3 Qb7 17. Rd4 Bd7 18. Qf2 Ne4 19. Nxe4 dxe4 20. Rxe4 Rb8 21. c3
Bxa3 22. Kd1 c5 23. Rc4 Qd5+ 24. Qd2 Rxb2 25. Qxd5 exd5 26. Rxc5 Bxc5 27. Bxc5
Rb7 28. Bd3 Bb5 29. Bc2 Rc7 30. Bb4 Rc4 31. Bd6 Rxf4 32. Kd2 Rf2+ 33. Kc1 Kd7
34. g4 g6 35. h4 Rc8 36. Bb4 a3 37. h5 a2 38. Kb2 Bd3 39. Ra1 Rxc2+ 40. Kb3 Rd2
0-1

[Event "34. Kieler Open 2022"]
[Site "Kiel"]
[Date "2022.08.01"]
[Round "5.13"]
[White "Schmitz, Andreas Arnold"]
[Black "Sauer, Tim"]
[Result "1/2-1/2"]
[WhiteElo "2070"]
[BlackElo "1731"]
[PlyCount "73"]
[EventDate "2022.??.??"]

1. e4 c5 2. c3 Nf6 3. e5 Nd5 4. d4 cxd4 5. cxd4 d6 6. Nf3 Nc6 7. Bc4 Nb6 8. Bb3
dxe5 9. Nxe5 Nxe5 10. dxe5 Qxd1+ 11. Bxd1 Bd7 12. Bf3 Rc8 13. O-O Bc6 14. Bxc6+
Rxc6 15. Be3 e6 16. Nc3 Bc5 17. Bxc5 Rxc5 18. f4 Ke7 19. Ne4 Rc2 20. Rf2 Rxf2
21. Kxf2 Rc8 22. Rd1 Nd5 23. Kf3 Rc4 24. g3 a5 25. Rd2 b6 26. Nd6 Rc1 27. a3 g6
28. Ne4 h5 29. h3 Rf1+ 30. Ke2 Rh1 31. Nf2 Rc1 32. Nd3 Rc4 33. h4 Re4+ 34. Kf2
Rd4 35. Ke2 Re4+ 36. Kf3 Rd4 37. Ke2 1/2-1/2

[Event "34. Kieler Open 2022"]
[Site "Kiel"]
[Date "2022.08.01"]
[Round "5.14"]
[White "Petrashov, Alexander"]
[Black "Thielemann, Joachim"]
[Result "1-0"]
[WhiteElo "2029"]
[BlackElo "1697"]
[PlyCount "31"]
[EventDate "2022.??.??"]

1. d4 Nf6 2. Nf3 d6 3. c4 g6 4. Nc3 Bg7 5. h3 O-O 6. Bg5 Nbd7 7. Qd2 Re8 8. e4
c6 9. e5 dxe5 10. dxe5 Nh5 11. g4 f6 12. Be3 Nxe5 13. Nxe5 Qxd2+ 14. Kxd2 Nf4
15. Bxf4 fxe5 16. Be3 1-0

[Event "34. Kieler Open 2022"]
[Site "Kiel"]
[Date "2022.08.01"]
[Round "5.15"]
[White "Peglau, Sarah"]
[Black "Annegarn, Alexander"]
[Result "0-1"]
[WhiteElo "1782"]
[BlackElo "2000"]
[PlyCount "110"]
[EventDate "2022.??.??"]

1. d4 b5 2. e4 Bb7 3. Bxb5 Bxe4 4. Nf3 Nf6 5. c4 Nc6 6. Bxc6 Bxc6 7. O-O e6 8.
Nc3 Be7 9. Bf4 Rb8 10. b3 Bb4 11. Qd3 Nh5 12. Bg5 f6 13. Bd2 Bd6 14. d5 Ba8 15.
Nb5 Rxb5 16. cxb5 Bxd5 17. Rfe1 Qa8 18. Rac1 Nf4 19. Bxf4 Bxf4 20. Rc5 O-O 21.
Rd1 c6 22. Ne1 Qb8 23. g3 Bd6 24. Rc2 f5 25. bxc6 dxc6 26. Kf1 Rd8 27. f3 Bb4
28. Qe2 Re8 29. Ng2 e5 30. Ne3 Qb7 31. Nxd5 cxd5 32. Qd3 d4 33. Qxf5 e4 34.
Rxd4 Qa6+ 35. Kg1 e3 36. Rc7 Rf8 37. Qe5 Qg6 38. Qxe3 Ba5 39. Re7 Bb6 40. Red7
Re8 41. Qc1 Qf5 42. Kg2 Re2+ 43. Kg1 Qxd7 44. Kf1 Rf2+ 45. Kxf2 Qxd4+ 46. Kg2
Qf2+ 47. Kh3 Qxf3 48. Qc8+ Kf7 49. Qd7+ Kf6 50. Qd6+ Kg5 51. Qe7+ Kh6 52. Qd6+
g6 53. Qe7 Qf1+ 54. Kh4 Qf5 55. g4 Bf2+ 0-1

[Event "34. Kieler Open 2022"]
[Site "Kiel"]
[Date "2022.08.01"]
[Round "5.16"]
[White "Herrmann, Arthur"]
[Black "Dittrich, Gunnar"]
[Result "1-0"]
[WhiteElo "1563"]
[BlackElo "1994"]
[PlyCount "105"]
[EventDate "2022.??.??"]

1. e4 d5 2. exd5 Qxd5 3. Nc3 Qa5 4. d4 Nf6 5. Bd2 c6 6. Bc4 Qc7 7. Qe2 Bf5 8.
O-O-O e6 9. Nf3 Bd6 10. Nh4 O-O 11. Nxf5 exf5 12. Qf3 Nbd7 13. Qxf5 b5 14. Bd3
Rfe8 15. g4 g6 16. Qf3 b4 17. Ne4 Nxe4 18. Bxe4 Rac8 19. h4 c5 20. h5 Rxe4 21.
Qxe4 cxd4 22. hxg6 hxg6 23. Kb1 Nc5 24. Qxd4 Be5 25. Bf4 Nb3 26. Rh8+ Bxh8 27.
Qxh8+ Kxh8 28. Bxc7 Rxc7 29. axb3 Kg7 {(=)} 30. Rd4 Rb7 31. f4 g5 32. f5 Kf6
33. Re4 a5 34. Kc1 Rb8 35. Kd2 Rh8 36. Kd3 Rh3+ 37. Kc4 Rh2 38. c3 Rxb2 39.
cxb4 axb4 40. Kxb4 Rf2 41. Kc4 Rc2+ 42. Kb5 Rf2 43. Kc5 Rc2+ 44. Kd5 Rd2+ 45.
Rd4 Rb2 46. b4 Ke7 47. Kc6 Rc2+ 48. Kb6 Rf2 49. b5 Rf4 50. Kc5 Rf1 51. b6 Rc1+
52. Kb5 Rb1+ 53. Rb4 1-0

[Event "34. Kieler Open 2022"]
[Site "Kiel"]
[Date "2022.08.01"]
[Round "5.17"]
[White "Braeutigam, Alexander"]
[Black "Fuhrmann, Bahne"]
[Result "1/2-1/2"]
[WhiteElo "1771"]
[BlackElo "1973"]
[PlyCount "137"]
[EventDate "2022.??.??"]

1. d4 Nf6 2. c4 g6 3. Nc3 d5 4. cxd5 Nxd5 5. e4 Nxc3 6. bxc3 Bg7 7. Nf3 c5 8.
Bb5+ Nc6 9. O-O O-O 10. Be3 Bg4 11. Bxc6 bxc6 12. Qa4 Bxf3 13. gxf3 Qc8 14. Kg2
f5 15. h3 Qe6 16. dxc5 Bxc3 17. Rac1 Be5 18. f4 Bg7 19. e5 g5 20. Rfe1 gxf4 21.
Bxf4 Rad8 22. Red1 Rd5 23. Rxd5 Qxd5+ 24. Kg1 Kh8 25. Qc4 Rd8 26. Qxd5 Rxd5 27.
Rb1 Bxe5 28. Bxe5+ Rxe5 29. Rb8+ Kg7 30. Rb7 a5 31. Ra7 Rxc5 32. Rxe7+ Kg6 33.
Ra7 h6 34. Kg2 Kg5 35. Rg7+ Kh4 36. Ra7 f4 37. Rf7 Rc4 38. Rf5 a4 39. a3 c5 40.
Kf3 Rc3+ 41. Kg2 f3+ 42. Kh2 c4 43. Rf4+ Kg5 44. Kg3 h5 45. h4+ Kg6 46. Kh3 Rc1
47. Kh2 c3 48. Rxa4 Kf5 49. Rd4 c2 50. Rc4 Ke5 51. a4 Kd5 52. Rc7 Kd4 53. a5
Kd3 54. Rd7+ Ke2 55. Rc7 Kxf2 56. a6 Ke1 57. a7 Ra1 58. Rxc2 f2 59. a8=Q Rxa8
60. Rc1+ Kd2 61. Rb1 Ke2 62. Rb2+ Ke3 63. Rb3+ Ke4 64. Rb4+ Kd3 65. Rb3+ Kc4
66. Rf3 Kd4 67. Rxf2 Ke4 68. Rb2 Ra5 69. Rb4+ 1/2-1/2